Rezervy a tiché rezervy v účtovníctve podnikateľov diplomová práca

Guardado en:
Detalles Bibliográficos
Autor principal: Hasprunárová, Karin
Autor Corporativo: Fakulta hospodárskej informatiky EU. Katedra účtovníctva a audítorstva
Otros Autores: Szász, Marek
Formato: Libro
Lenguaje:eslovaco
Publicado: Bratislava 2012
Etiquetas: Agregar Etiqueta
Sin Etiquetas, Sea el primero en etiquetar este registro!

MARC

LEADER 00000nbm a2200000 4500
001 0154839
005 20161109102147.9
041 0 |a slo 
044 |a SK 
245 1 0 |a Rezervy a tiché rezervy v účtovníctve podnikateľov  |b diplomová práca  |c Karin Hasprunárová ; školiteľ: Marek Szász 
264 1 |a Bratislava  |c 2012 
300 |a 74 s. 
100 1 |a Hasprunárová, Karin 
700 1 |a Szász, Marek 
710 2 |a Fakulta hospodárskej informatiky EU. Katedra účtovníctva a audítorstva